00397nam a2200145 i 450000100060000000300090000600700030001500800410001810000170005924500630007625000150013926000570015430000200021185200200023123402ES-MaACLt|021210s1938 xxk ||||1| eng d1 aAllen, J. W.10aEnglish political thought b: 1603-1660 / cby J.W. Allen. a[1st ed.]. aLondon : bMethuen, c[1938] (eNorwich : fJarrold) a1 v. ; c23 cm. aES-MaACLjC-771